000 00953nam2a2200253 4500
001 RU\NLR\bibl\426935
005 20250622175441.0
021 _aRU
_b2003-30027
_91415
035 _a(NLR Aleph) 000420817
090 _a693785
_c693785
100 _a20030807d2003 |||y0rusy50 ca
101 0 _arus
102 _aRU
105 _aa |||||||||
200 0 _aЧ.2.
_fЭ.З. Мартынов
210 _d2003
_aБ. м.
215 _a74 с.
_cил.
320 _aБиблиогр.: с. 74 (6 назв.)
461 0 _1001RU\NLR\bibl\241217
_12001#$aТехнологии отрасли$vЧ. 2
_91381020
_aМартынов, Э. З. (канд. техн. наук)
_cНовосибирск
_d2000
_fЭ.З. Мартынов, Ю.В. Никитин
_nИзд-во НГТУ
_oКонспект лекций
_tТехнологии отрасли
_vЧ. 2
801 0 _aRU
_bNLR
_c20030807
_gPSBO
801 1 _aRU
_bNLR
_c20030807
942 _cBOOK
980 _aNB